| 000 | 00648nam a22001817a 4500 | ||
|---|---|---|---|
| 003 | BD-DhUL | ||
| 005 | 20161031191239.0 | ||
| 008 | 161031s1968 b ||||| |||| 00| 0 eng d | ||
| 040 |
_cBD-DhUL _dBD-DhUL |
||
| 082 |
_a891.449 _bGOV |
||
| 100 | _4মুরশিদ, গোলাম | ||
| 245 | 1 | 0 |
_aবৈষ্ণব পদাবলী প্রবেশক / _cগোলাম মুরশিদ |
| 260 |
_aঢাকা : _bখান ব্রাদার্স, _c১৯৬৮। |
||
| 300 |
_a১৮৮ পৃ. ; _c২২ সে. মি. |
||
| 650 | 0 | _aসংস্কৃত কাব্য | |
| 650 | 0 | _aSanskrit poetry | |
| 942 |
_2ddc _cBK |
||
| 999 |
_c118351 _d118351 |
||